Destinations of flights flying out of Milwaukee - Statistics

General Stats
  • This quiz has been taken 25 times
  • The average score is 30 of 35
Answer Stats
Hint Answer % Correct
IL Chicago
100%
CO Denver
100%
MI Detroit
100%
NY New York
100%
NY New York
100%
NY New York
100%
TX Austin
96%
TX Dallas
96%
TX Dallas Fort Worth
96%
AZ Phoenix
96%
UT Salt Lake City
96%
CA San Diego
96%
WA Seattle
96%
DC Washington
96%
TX Houston
91%
NV Las Vegas
91%
FL Miami
91%
MN Minneapolis
91%
FL Orlando
91%
PA Philadelphia
91%
FL Tampa
91%
GE Atlanta
87%
TN Nashville
87%
MD Baltimore
83%
MA Boston
83%
Mexico Cancun
83%
NC Charlotte
83%
FL Fort Lauderdale
78%
MO Kansas City
78%
MO Saint Louis
61%
AL Birmingham
57%
Jamaica Montego Bay
57%
FL Fort Myers
52%
Dominican Republic Punta Cana
52%
FL Sarasota
26%
No matching quizzes found
Score Distribution
Percent of People with Each Score
Percentile by Number Answered
Your Score History
You have not taken this quiz